Convex analysis : (Record no. 29570)
[ view plain ]
| 000 -LEADER | |
|---|---|
| fixed length control field | 00847 a2200205 4500 |
| 020 ## - INTERNATIONAL STANDARD BOOK NUMBER | |
| International Standard Book Number | 0821835254 |
| 020 ## - INTERNATIONAL STANDARD BOOK NUMBER | |
| International Standard Book Number | 9780821835258 |
| 082 ## - DEWEY DECIMAL CLASSIFICATION NUMBER | |
| Classification number | 516.362 |
| 090 ## - LOCALLY ASSIGNED LC-TYPE CALL NUMBER (OCLC); LOCAL CALL NUMBER (RLIN) | |
| -- | 951 |
| -- | 951 |
| 100 1# - MAIN ENTRY--PERSONAL NAME | |
| Personal name | Magaril-Ilyaev, G. G. |
| 245 10 - TITLE STATEMENT | |
| Title | Convex analysis : |
| Remainder of title | theory and applications / |
| Statement of responsibility, etc. | G. G. Magaril-Ilyaev, V. M. Tikhomirov. |
| 260 ## - PUBLICATION, DISTRIBUTION, ETC. | |
| Place of publication, distribution, etc. | [S.l.] : |
| Name of publisher, distributor, etc. | Amer Mathematical Society, |
| Date of publication, distribution, etc. | 2003. |
| 300 ## - PHYSICAL DESCRIPTION | |
| Extent | 183 p. ; |
| Dimensions | 22 cm. |
| 490 1# - SERIES STATEMENT | |
| Series statement | Translations of mathematical monographs. |
| 700 1# - ADDED ENTRY--PERSONAL NAME | |
| Personal name | Tikhomirov, V. M. |
| 830 #0 - SERIES ADDED ENTRY--UNIFORM TITLE | |
| Uniform title | Translations of mathematical monographs. |
| 942 ## - ADDED ENTRY ELEMENTS (KOHA) | |
| Institution code [OBSOLETE] | SNS |
| Koha item type | Book |
| Call number prefix | 516.362 MAG |
| Withdrawn status | Lost status | Damaged status | Not for loan | Permanent Location | Current Location | Date acquired | Total Checkouts | Full call number | Barcode | Date last seen | Price effective from | Koha item type |
|---|---|---|---|---|---|---|---|---|---|---|---|---|
| School of Natural Sciences (SNS) | School of Natural Sciences (SNS) | 05/26/2016 | 516.362 MAG | SNS0001122 | 05/26/2016 | 05/26/2016 | Book | |||||
| School of Natural Sciences (SNS) | School of Natural Sciences (SNS) | 05/26/2016 | 516.362 MAG | SNS0001147 | 05/26/2016 | 05/26/2016 | Book |
